CSGO Players by Letter: D - Statistics

General Stats
  • This quiz has been taken 38 times
  • The average score is 8 of 12
Answer Stats
Nationality Role(s) Team(s) Player % Correct
Denmark AWP Astralis / Ninjas in Pyjamas Dev1ce
96%
Denmark Rifler / AWP Astralis / Team Vitality Dupreeh
96%
Poland Rifler Sprout / ENCE Dycha
96%
Russia AWP Team Spirit / OG Degster
89%
Australia IGL Grayhound / Renegades / MOUZ Dexter
89%
Russia IGL / Rifler Gambit Dosia
86%
Brazil Rifler FURIA Academy / FURIA eSports Drop
68%
Australia Rifler Grayhound Gaming / Renegades DickStacy
50%
Hungary Entry / AWP Hellraisers DeadFox
46%
Sweden AWP Ninjas in Pyjamas / Fnatic / GODSENT draken
39%
Brazil Rifler / AWP GODSENT / 00Nation dumau
39%
Spain Support MAD Lions / Movistar Riders Deathzz
36%
No matching quizzes found
Score Distribution
Percent of People with Each Score
Percentile by Number Answered
Your Score History
You have not taken this quiz